| 000 | 01127nam a22002417a 4500 | ||
|---|---|---|---|
| 003 | OSt | ||
| 005 | 20260302195411.0 | ||
| 008 | 260302b |||||||| |||| 00| 0 eng d | ||
| 040 | _c0 | ||
| 082 | _2DPer 155.205 J826 January-February 2021 v. 120 n. 1-2 | ||
| 100 |
_aReeves, Stephanie L. _eauthor. _959106 |
||
| 245 |
_aPsychological Affordances Help Explain Where a Self-Transcendent Purpose Intervention Improves Performance / _cStephanie L. Reeves, Marlone D. Henderson, Geoffrey L. Cohen, Rebecca R. Steingut, Quinn Hirschi, and David S. Yeager. |
||
| 260 |
_aWashington ; _bAmerican Psychological Association , _cJanuary 2021. |
||
| 300 |
_aVolume 120, pages 1-15 : _billustration ; _c28 cm. |
||
| 500 | _aJournal of Personality and Social Psychology, vol. 120, no. 1, pages 1-15, January 2021. | ||
| 700 |
_aReeves, Stephanie L. _eauthor. _959106 |
||
| 700 |
_a Henderson, Marlone D. _eauthor. _969897 |
||
| 700 |
_aCohen, Geoffrey L. _eauthor. _959102 |
||
| 700 |
_aSteingut, Rebecca R. _eauthor. _969898 |
||
| 700 |
_aHirschi, Quinn _eauthor. _969899 |
||
| 700 |
_aYeager, David S. _eauthor. _969900 |
||
| 942 |
_2ddc _cPER |
||
| 999 |
_c24391 _d24391 |
||